| 000 | 00429nam a22001337a 4500 | ||
|---|---|---|---|
| 008 | 230704b xxu||||| |||| 00| 0 eng d | ||
| 082 |
_a341.7 _bTWU |
||
| 100 | _cRosalind Twum-Barima | ||
| 245 |
_aProtecting the Ozone layer through trade Measures: _bReconciling the Trade Provisions of the Montreal Protocol and the rules of the GATT |
||
| 260 |
_bUnited nations _c1994 |
||
| 300 | _a119p | ||
| 440 | _x10201610 | ||
| 942 |
_2ddc _cBK |
||
| 999 |
_c3859 _d3859 |
||